Państwa Azji Według Kształtu - Statystyki

Ogólne statystyki
  • Ten quiz został rozwiązany 17 razy
  • Średni wynik to 22 z 48
Statystyki odpowiedzi
Obrazkowy Odpowiedź % Poprawnych
Chiny
93%
Indie
93%
Rosja (w połowie)
87%
Indonezja
80%
Turcja (w większośći)
80%
Cypr
73%
Filipiny
73%
Sri Lanka
73%
Arabia Saudyjska
67%
Japonia
67%
Tajlandia
67%
Iran
60%
Izrael
60%
Laos
60%
Nepal
60%
Wietnam
60%
Bangladesz
53%
Tajwań
53%
Gruzja
47%
Irak
47%
Azerbejdżan
40%
Jemen
40%
Mongolia
40%
Oman
40%
Pakistan
40%
Uzbekistan
40%
Afganistan
33%
Armenia
33%
Bhutan
33%
Kazachstan
33%
Malediwy
33%
Malezja
33%
Mjanma
33%
Zjednoczone Emiraty Arabskie
33%
Jordania
27%
Korea Północna
27%
Korea Południowa
27%
Timor Wschodni
27%
Bahrajn
20%
Brunei
20%
Kambodża
20%
Katar
20%
Liban
20%
Singapur
20%
Syria
20%
Turkmenistan
20%
Kirgistan
13%
Kuwejt
13%
Nie znaleziono quizów pasujących do podanych kryteriów
Rozkład punktacji
Procent ludzi z każdym wynikiem
Percentyl według liczby udzielonych odpowiedzi
Twoja historia wyników
Nie rozwiązałeś tego quizu